<?xml version="1.0" encoding="UTF-8" ?>
<collection xmlns="http://www.loc.gov/MARC21/slim"><record><leader>00762nam a2200217 nc4500</leader><controlfield tag="001">25853</controlfield><controlfield tag="003">CH-000273-5</controlfield><controlfield tag="005">20220217111411.0</controlfield><datafield tag="035" ind1=" " ind2=" "><subfield code="a">(OCoLC)699066676</subfield></datafield><datafield tag="041" ind1=" " ind2=" "><subfield code="a">ger</subfield></datafield><datafield tag="100" ind1="1" ind2="0"><subfield code="a">Hausmann, Raoul </subfield><subfield code="d">1886-1971</subfield></datafield><datafield tag="245" ind1="0" ind2="0"><subfield code="a">Hurra! Hurra! Hurra!</subfield><subfield code="b">12 Satiren</subfield><subfield code="c">Raoul Hausmann</subfield><subfield code="h">Buch</subfield></datafield><datafield tag="246" ind1="3" ind2="4"><subfield code="a">Hurrah! Hurrah! Hurrah!</subfield></datafield><datafield tag="260" ind1=" " ind2=" "><subfield code="a">Berlin</subfield><subfield code="b">Malik-Verlag</subfield><subfield code="c">1921</subfield></datafield><datafield tag="300" ind1=" " ind2=" "><subfield code="a">45 S.</subfield><subfield code="b">Ill.</subfield><subfield code="c">23 x 15,5 cm</subfield></datafield><datafield tag="500" ind1=" " ind2=" "><subfield code="a">Einband und Illustrationen von Raoul Hausmann</subfield></datafield><datafield tag="510" ind1="4" ind2="0"><subfield code="a">Dada global, 1994</subfield><subfield code="c">S. 162, Nr. 62</subfield></datafield><datafield tag="600" ind1="1" ind2="7"><subfield code="a">Hausmann, Raoul</subfield><subfield code="d">1886-1971</subfield><subfield code="2">gnd</subfield></datafield><datafield tag="651" ind1="0" ind2="7"><subfield code="a">Zürich</subfield><subfield code="x">Kunsthaus Zürich</subfield><subfield code="x">Dadaismus</subfield><subfield code="x">Sammlung</subfield><subfield code="2">gnd</subfield></datafield><datafield tag="852" ind1="4" ind2="0"><subfield code="a">CH-000273-5</subfield><subfield code="c">DADA I:12</subfield></datafield><datafield tag="856" ind1="4" ind2="1"><subfield code="u">https://digital.kunsthaus.ch/viewer/image/25853/1/</subfield><subfield code="y">Kunsthaus Zürich Sammlungen online</subfield></datafield></record></collection>